000 00584cam a2200205 4500
008 000000n 000 0 eng u
020 _a0566075725
035 _a(Sirsi) u110826
050 _a693.834
100 _aCraik, Robert J.M.
245 _aSound transmission through buildings using statistical energy analysis.
260 _aHampshire
_bGower $1 996
300 _axviii, 261p.; 24cm.
350 _a55.00
650 _aSOUND PROOFING
650 _aBUILT ENVIRONMENT-CONSTRUCTION DESIGN-ACOUSTICS
650 _aVIBRATIONS
690 _aBUILT ENVIRONMENT
942 _n0
999 _c101136
_d101136